Planificación de proyectos Métodos Pert-Roy-CPM y derivados
| Main Author: | |
|---|---|
| Format: | Section = Libro |
| Language: | Undetermined Spanish |
| Published: |
Mexico
Limusa
1968
|
| Edition: | 6a.ed. |
| Subjects: |
| LEADER | 00731nam a2200253Ia 4500 | ||
|---|---|---|---|
| 008 | 240830s9999 xx 000 0 und d | ||
| 020 | |a 968-18-0122-9 | ||
| 040 | |a B-ESTELÍ- RUACS / 658.403 C737 | ||
| 041 | |a spa | ||
| 082 | |a 658.403 C737 | ||
| 100 | 1 | |a Companys, Ramon | |
| 245 | 1 | 0 | |a Planificación de proyectos Métodos Pert-Roy-CPM y derivados |
| 250 | |a 6a.ed. | ||
| 260 | |a Mexico |b Limusa |c 1968 | ||
| 300 | |a 99 p | ||
| 650 | 7 | |a ADMINISTRACION DE PROYECTOS | |
| 650 | 7 | |b PLANIFICACION DE PROYECTOS | |
| 650 | 7 | |c PRESUPUESTO DEL PROYECTO | |
| 650 | 7 | |d MERCADO - PROYECTO | |
| 650 | 7 | |e RECURSOS HUMANOS - PLANIFICACION | |
| 650 | 7 | |f GESTION FINANCIERA - PROYECTO | |
| 942 | |c BK |2 ddc | ||
| 991 | |a TEXTO | ||
| 999 | |c 11470 | ||